000 02561nam0a2200445 4500
001 RU\NLR\BIBL_A\022651567
005 20251219153146.0
010 _a978-5-9704-9518-6
_93000
021 _aRU
_bКН-П-25-054280
_9КН-П-25-5237
035 _a(NLR Aleph) 022651567
090 _a13506958
_c13506958
100 _a20251022d2025 u y0rusy50 ca
101 0 _arus
102 _aRU
105 _aa|||z|||000zy
181 0 _ai3
_baxxe
182 0 _an
200 1 _aСосудистая хирургия В. С. Савельева
_eнациональное руководство
_eкраткое издание
_f[Абугов Сергей Александрович - д-р мед. наук, проф., Андрияшкин Андрей Вячеславович - канд. мед. наук, доц., Андрияшкин Вячеслав Валентинович - д-р мед. наук, доцент и др.]
_gпод редакцией академика РАН И. И. Затевахина, академика РАН А. И. Кириенко
_gРоссийское общество хирургов
203 _aТекст
_bвизуальный
_cнепосредственный
210 _aМосква
_cГЭОТАР-Медиа
_d2025
215 _a599 с., [8] л. цв. ил.
_cил.
_d20
225 1 _aСерия "Национальные руководства"
300 _aАвт. указаны на с. 5-9
320 _aБиблиогр. в конце гл.
320 _aПредм. указ.: с. 593-599
606 1 _aКровеносные сосуды
_jРуководства, пособия и т.п
_xБолезни
_xХирургическое лечение
_91460093
_3RU\NLR\AUTH\66619389
686 1 _aР457.365.02я77
686 1 _aР457.862я77
686 1 _aР457.345.02я77
701 1 _aАбугов
_bС. А.
_gСергей Александрович
701 1 _aАндрияшкин
_bА. В.
_gАндрей Вячеславович
701 1 _aАндрияшкин
_bВ. В.
_gВячеслав Валентинович
702 1 _4280
_7ca
_8rus
_aСавельев
_bВ. С.
_cд-р мед. наук
_f1928-2013
_gВиктор Сергеевич
_9110434
_3RU\NLR\AUTH\77379
702 1 _aЗатевахин
_bИ. И.
_gИгорь Иванович
_4340
712 0 2 _4570
_aРоссийское общество хирургов
_9867657
_3RU\NLR\AUTH\8810186759
942 _cBOOK
980 _aNB